000 00654nmc a2200253 a 4500
003 AR-BaBNM
005 20251128203156.0
008 027019s1961 ||||||||||||||000 | spa||
040 _cAR-BaBNM
100 1 _aMasciangioli, Jorge
245 1 0 _aSafón y los pájaros
_bpoema escénico
260 _aBuenos Aires
_bCompañia General Fabril Editora
_c1961
300 0 _a126 p.
490 0 _aAnaquel
650 4 _aLITERATURA ARGENTINA
650 4 _aTEATRO
650 4 _aARTES ESCENICAS
650 4 _aLITERATURA CONTEMPORANEA
650 4 _aTRAGEDIA
653 0 _aINFLUENCIA GRECOLATINA
655 _aLITERATURA
942 _cBK
998 _cMARTIN
999 _c2240
_d2240